Statistics for Eurovision Song Contest 2019

Click here to take the quiz!

General Stats

  • This quiz has been taken 1,156 times
    (1,036 since last reset)
  • The average score is 51 of 82

Answer Stats

HintAnswer% Correct
NetherlandsArcade
86%
CyprusReplay
86%
Czech RepublicFriend of a Friend
84%
CyprusTamta
84%
San MarinoSay Na Na Na
84%
AustraliaZero Gravity
82%
MaltaChameleon
80%
ItalySoldi
79%
BelarusLike It
79%
RussiaScream
79%
San MarinoSerhat
78%
SwitzerlandShe Got Me
78%
IcelandHatari
78%
Czech RepublicLake Malawi
78%
NorwaySpirit in the Sky
77%
NetherlandsDuncan Laurence
77%
EstoniaStorm
75%
GermanySister
75%
NorwayKEiiNO
74%
North MacedoniaProud
74%
GreeceBetter Love
73%
DenmarkLove Is Forever
73%
SwitzerlandLuca Hänni
73%
BelarusZENA
73%
SpainLa venda
73%
Ireland22
72%
ItalyMahmood
72%
SwedenToo Late for Love
72%
RussiaSergey Lazarev
71%
FranceRoi
71%
SloveniaSebi
69%
PolandFire of Love (Pali się)
68%
FinlandLook Away
68%
MontenegroHeaven
67%
GermanyS!sters
67%
SpainMiki
66%
SerbiaKruna
65%
IsraelHome
65%
MontenegroD mol
64%
IcelandHatrið mun sigra
62%
PolandTulia
62%
ArmeniaWalking Out
62%
United KingdomBigger than Us
61%
AzerbaijanTruth
60%
DenmarkLeonora
60%
BelgiumEliot
60%
EstoniaVictor Crone
60%
SwedenJohn Lundvik
58%
AustraliaKate Miller-Heidke
57%
AustriaPÆNDA
57%
LithuaniaRun with the Lions
57%
PortugalTelemóveis
56%
AzerbaijanChingiz
56%
FranceBilal Hassani
56%
MoldovaStay
55%
MaltaMichela
55%
RomaniaOn a Sunday
55%
ArmeniaSrbuk
54%
HungaryJoci Pápai
53%
United KingdomMichael Rice
53%
BelgiumWake Up
53%
North MacedoniaTamara Todevska
52%
CroatiaRoko
50%
AustriaLimits
50%
LatviaCarousel
49%
GreeceKaterine Duska
49%
CroatiaThe Dream
49%
PortugalConan Osíris
48%
RomaniaEster Peony
46%
LatviaThat Night
43%
AlbaniaKtheju tokës
42%
IsraelKobi Marimi
41%
SerbiaNevena Božović
40%
SloveniaZala Kralj & Gašper Šantl
40%
HungaryAz én apám
39%
AlbaniaJonida Maliqi
39%
GeorgiaOto Nemsadze
38%
FinlandDarude feat. Sebastian Rejman
37%
IrelandSarah McTernan
37%
GeorgiaKeep on Going
34%
MoldovaAnna Odobescu
32%
LithuaniaJurijus
32%

Score Distribution

Percentile by Number Answered

Percent of People with Each Score

Your Score History

You have not taken this quiz since the last reset